| 000 | 00535nam a2200181Ia 4500 | ||
|---|---|---|---|
| 001 | 25035 | ||
| 005 | 20260414151123.0 | ||
| 008 | 260414t2009||||xx |||||||||||||| ||spa|| | ||
| 041 | _aESP | ||
| 082 |
_a346.1J _bG12 |
||
| 100 |
_aEsquivel Oviedo, Juan Carlos (Dir) _eAUT |
||
| 245 | 0 |
_aJurisprudencia civil de la corte superior (2006-2008) : _búltimos precedentes en materia civil, procesal civil y comercial |
|
| 260 | _c2009 | ||
| 300 |
_a701 páginas : _c26 cm. |
||
| 650 | _aDER | ||
| 654 | _aCDE | ||
| 942 |
_cLIB _dJUS _fJUS _2ddc _n |
||
| 999 |
_c25035 _d25035 |
||